00453cam a22001574a 4500020001500000040000800015082002600023100001900049245008700068250001100155260003100166300002800197500003400225500001900259650001700278 a0393730581 cDLC00a727 NOR 2000 C149 Or.1 aDahan, Fernand10aLaboratories :ba guide to master planning, programming, procurement, and design / a1st ed aNew York :bNorton,cc2000 a298 p. :bill. ;c26 cm a"A Norton professional book." aIncludes index 0aLaboratories